In Plain English: Much Ado About Nothing Quiz Stats

 Plays Quiz Updated May 14, 2018

Challenge
Share
Tweet
Embed
Score 0/22 Timer 08:00
0 Plays Today
% Correct
She looks like her dad.
88.2%
You caught me at a good time.
87.8%
Yeah? Well you're ugly.
87.4%
Hey, the sun's coming up.
86.4%
Eh, we'll believe it when we see it.
86.1%
I'd rather let everyone hate me than go around pretending to be nice.
85.2%
I'm no poet.
82.8%
Some guys aren't as smart as others.
81.8%
You never miss it until it's gone.
81.1%
If your shame doesn't kill you, I will.
80.9%
Why elaborate any more than necessary?
80.7%
% Correct
We need cheering up. Say something funny.
80.5%
Are you being serious?
78.9%
Keep going--he's totally buying it.
78.9%
She's not faking.
77.9%
You're totally messing with me right now.
72.4%
Don't take it out on me.
69.7%
Whodathunkit?
68%
To hell with you, you big faker!
67.3%
I hope this wedding turns out better than the last one did.
64.7%
When did you become such a smartass?
61.9%
Who's getting married?
49.7%

You're not logged in!

Compare scores with friends on all Sporcle quizzes.
OR
Log In

You Might Also Like...

Show Comments

Extras

Top Quizzes Today


Score Distribution

Your Account Isn't Verified!

In order to create a playlist on Sporcle, you need to verify the email address you used during registration. Go to your Sporcle Settings to finish the process.

Report this User

Report this user for behavior that violates our Community Guidelines.

Details: